| 000 | 01264ny a22002773n 4500 | ||
|---|---|---|---|
| 005 | 20240305165320.0 | ||
| 008 | 060925s2006 sp 000 0 spa d | ||
| 017 | _aD.L.M30585-06 | ||
| 020 | _a9788480047418 | ||
| 035 | _a2719 | ||
| 040 |
_aSpMaUCDE _dvLex |
||
| 080 | _a349.2:331.109.6(460) | ||
| 090 |
_c702 _d702 |
||
| 245 | 0 | 0 |
_aSistemas de solución extrajurisdiccional de conflictos _h[Recurso electrónico] _cRafael Hinojosa Segovia, (coordinador) |
| 256 | _aServicio en línea | ||
| 260 |
_aMadrid : _bEditorial Universitaria Ramón Areces, _cD.L. 2006 |
||
| 300 |
_a212 p. ; _c24 cm. |
||
| 506 | 1 |
_aContenido solo disponible en los productos indicados _dvLex Global _dvLex Global (Academic Edition, excluding Law Schools) _dvLex Global (U.S. Academic Edition, Law Schools) _dvLex Global (U.S. Academic Edition, excluding Law Schools) _dvLex Global (Academic Edition, Law Schools) |
|
| 650 | 0 | 7 |
_aMedios alternativos de solución de conflictos _2Tesauro vLex |
| 650 | 0 | 7 |
_aMedios de solución no jurisdiccionales _2Tesauro vLex |
| 650 | 0 | 7 |
_aTransacciones extrajudiciales _2Tesauro vLex |
| 700 | 1 |
_aHinojosa Segovia, Rafael, _ecoord. |
|
| 740 | 0 | _avLex Libros (Servicios en línea) | |
| 856 | 4 | 0 | _uhttps://app.vlex.com/#/sources/2719 |
| 942 | _cRAA | ||
| 999 |
_c159221 _d159221 |
||